Psiquiatria Biologica (Registro nro. 1247)
[ vista simple ]
| 000 -LEADER | |
|---|---|
| fixed length control field | 00438nas a22001457a 4500 |
| 008 - CAMPO DE CONTROL RECURSOS CONTINUADOS | |
| fixed length control field | 130313t19949999bl ||||| |||| 00| 0 por d |
| 245 ## - TITULO | |
| Titulo | Psiquiatria Biologica |
| 260 ## - PUBLICACION, DISTRIBUCION, ETC. (PIE DE IMPRENTA) | |
| Lugar de publicación, distribución, etc | São Paulo: |
| Nombre de la editorial, distribuidor, etc. | Associação Brasileira de Psiquiatria Biologica, |
| Fecha de publicación | 1994 |
| 300 ## - DESCRIPCION FISICA | |
| Extensión | v. : |
| 310 ## - FRECUENCIA ACTUAL DE LA PUBLICACION | |
| Frecuencia actual de la publicación | cuatrimestral |
| 546 ## - NOTA DE IDIOMA | |
| Nota de lenguaje | portugues |
| 590 ## - NOTAS LOCALES (RLIN) | |
| Nota local | Existencias: 1994 2(1)<br/>BAJA DEPOSITO (CAJA 21) MAYO 2019 |
| 650 ## - MATERIA-TERMINO TEMATICO | |
| Término temático | PSIQUIATRIA |
| 9 (RLIN) | 1910 |
| 942 ## - ADDED ENTRY ELEMENTS (KOHA) | |
| Source of classification or shelving scheme | Dewey Decimal Classification |
| Item type | Continuing Resources |
No hay ítems disponibles.